MDQL
is popping MORE tags! Check the
thread
!
Quizzes
Events
Quiz Creation
Community
Videos
Private Events
Remove Ads
Sign In
Join for FREE
Feedback
Dark Mode
Quiz Categories
Sports
Geography
Music
Movies
Television
Just For Fun
Miscellaneous
History
Literature
Language
Science
Gaming
Entertainment
Religion
Holiday
For Kids
Quiz Lab
Recent
Popular Today
Quiz Kudos Today
Editor Picks
Curator Picks
Quizzes by...
Day
Popularity
Type
Ratings
Length
Year
Community
Subscriptions
Recent Discussions
Orange Saloon
Badges
Playlists
Quests
Create
Leaderboards
Showdown
Live 5
Trivia Bingo
Activity
Puzzle Library
Sporcle Events
Private Events
Virtual Trivia
Globe League
Become a Host
Pub Owners
SporcleCon
Opinionation
Our Games
Videos
Blog
Mobile Apps
Partnerships
Remove Ads and Go Orange
Feedback
Gaming
Video Games
Board Games
Card Games
Pokémon
Mario
Nintendo
Minecraft
Console
Toys
Legend of Zelda
Gaming
Video Games
Board Games
Card Games
Pokémon
Mario
Nintendo
Minecraft
Console
Toys
Legend of Zelda
Random Quiz
Search Sporcle
×
Quiz Lab
Quiz Lab
Gaming
fallout
Type in answers that appear in a list
Type in answers that appear in a list
Classic
Best Score? Go Orange.
Fallout Shelter Weapon Conditions Stats
Can you name the Fallout Shelter Weapon Conditions?
By
Mr_Foreveralone
6m
31 Questions
14 Plays
14 Plays
14 Plays
Comments
Comments
Give Quiz Kudos
Give Quiz Kudos
-
- Ratings
hide this ad
Replay
Link that replays current quiz
Next Quiz
Link to next quiz in quiz playlist
You Got
0%
They Got
Avg Score
19%
Avg Friend Score
Upgrade to see
Score Distribution
Jump to the score distribution portion of the page
Score
0/31
Timer
06:00
0
Plays Today
Weapon/Weapon Type
Condition
% Correct
Multiple
Rusty
100%
Multiple
Enhanced
71.4%
Multiple
Hardened
42.9%
Multiple
Armor Piercing
35.7%
Institutue/
Pipe Pistol
Scoped
35.7%
Energy Weapons
Focused
28.6%
Energy Weapons
Amplified
28.6%
Shotguns
Double-Barrel
28.6%
Pipe Pistol
Heavy
28.6%
Energy Weapons
Tuned
21.4%
GaussRifle/
RailwayRifle
Accelerated
21.4%
Pipe Rifle
Bayoneted
21.4%
FatMan/
MissileLauncher
Guided
14.3%
Institutue Pistol
Improved
14.3%
Junk Jet/
Plasma Thrower
Tactical
14.3%
Junk Jet
Flaming
14.3%
Weapon/Weapon Type
Condition
% Correct
Plasma Thrower
Overcharged
14.3%
Flamer
Pressurized
7.1%
Institutue Pistol
Incendiary
7.1%
Institute Rifle
Excited
7.1%
Institute/
Pipe Rifle
Long
7.1%
Institute/
Pipe Rifle
Night-Vision
7.1%
Institute Rifle
Targeting
7.1%
Junk Jet
Recoil Compensated
7.1%
Pipe Pistol
Hair Trigger
7.1%
Pipe Pistol
Auto
7.1%
Plasma Thrower
Agitated
7.1%
Institutue Pistol
Scattered
0%
Junk Jet
Electrified
0%
Pipe Rifle
Calibrated
0%
Plasma Thrower
Boasted
0%
Quiz Playlist
Details
Report
Send in Message
Add To Playlist
Classic:
Type in answers that appear in a list
Quiz Source
Last Updated: Feb 16, 2017
Quiz Scoreboard
CHALLENGE
Sign Up to Join the Scoreboard
Show All
Scores
Hide
Comments
May contain spoilers
Recently Published
1-10 Letter E Words III
by El_Dandy
Language
2m
Street Fighter Characters
by Artimus82
Gaming
60s
College Basketball Coaching Resumes
by pancakes188
Sports
9m
More to Explore
Quiz From the Vault
Featured Blog Post
Where Did the Easter Bunny Come From?
hide this ad
You Might Also Like...
Tags
fallout
Today's Top Quizzes in Gaming
Browse Gaming
hide this ad
Today's Top Quizzes in fallout
Browse fallout
Top Contributed Quizzes in Gaming
1
5-to-1: Consoles
2
7-to-1: Board Game Piece Blitz
3
5-to-1: Legend of Zelda
4
League of Legends Pro Players by Career/Team History
5
Destiny 2 exotic weapons by perk icons
6
Ultimate Genshin Impact Logic Puzzle (up to 4.3)
7
Franchise by Action Figure
8
Who's on the WWE 2K24 Cover?
9
Genshin Impact Logic Puzzle Quiz
10
Order the Pokémon Regions
Explore More
Trending Topics
Anime
Disney
Marvel
Harry Potter
Crossword
Kpop
NBA
Puzzle
WWE
Soccer
Song
Country
The Office
NFL
Pokémon
hide this ad
More By:
Mr_Foreveralone
Quiz
Plays
Rating
Category
Featured
Created
Civilization 5 (BNW) Resources
544
4.50
Gaming
Apr 5, 2017
Magia Record Magical Girls (February 5, 2024)
437
5.00
Entertainment
Aug 22, 2018
Magia Record Characters Doppel
292
4.00
Entertainment
Aug 24, 2018
To Love Ru Characters (in the Manga)
159
Entertainment
Jun 4, 2015
Civilization V (BNW) City States
155
2.67
Gaming
Apr 5, 2017
Go to Creator's Profile
Score Distribution
Quiz Creator Spotlight
Mr_Foreveralone
Follow
Send a Message
Quizzes Created
-
Created Quiz Play Count
-
More By This Creator
Popular Quizzes Today
1
Find the US States - No Outlines Minefield
2
Find the Countries of Europe - No Outlines Minefield
3
The Countries of the World
4
Find the US States
5
Risky Map Clicking: Biggest States A-Z
6
US States
7
Popular People in 1961
8
Movies - When Are They Set?
More Gaming Quizzes
Super Mario Crossword
Editor's Pick
Trending Quizzes
Risky Map Clicking: Least Populous States A-Z
Billboard Blitz: Aretha Franklin
Famous Russians: Author or Composer?
1-10 Letter G Words
Countries of the World: 200 Million BC
Recently Updated
Leaping Animals
pecheneg
Reality TV Shows (A-Z)
bhenderson79
Rickey Henderson's Hall of Fame Teammates
pecheneg
Champions League XIs: Arsenal
pecheneg
Quick Pick: Celebrities in WWE's Hall of Fame
aduchscher
A-Z Keypad Blitz II
pecheneg
Multiple Oscar Actors
pecheneg
Mystery Phrase Blitz: Oscar 'Best Actors'
pecheneg
F. Scott Fitzgerald Novels
LTH
Pick 3 Villains
ddd62291
Trending Topics
Harry Potter
Anime
Marvel
NBA
Disney
Crossword
Kpop
Puzzle
Soccer
The Office
WWE
Pokémon
NFL
Song
Country
Your Account Isn't Verified!
In order to create a playlist on Sporcle, you need to verify the email address you used during registration. Go to your
Sporcle Settings
to finish the process.
Report this User
Report this user for behavior that violates our
Community Guidelines
.
Details:
Send Report
Go to the Sporcle.com Mobile Site →
Comments